Bệnh ký sinh trùng truyền lây giữa người và động vật
Giới thiệu bệnh kí sinh trùng lây giữa người và động vật, truyền qua thức ăn là động vật mang mầm bệnh, truyền qua thức ăn là thực vật, truyền qua da
Spremljeno u:
| Glavni autor: | |
|---|---|
| Daljnji autori: | |
| Format: | Knjiga |
| Jezik: | Vietnamese |
| Izdano: |
H.
Giáo dục
2009
|
| Teme: | |
| Oznake: |
Dodaj oznaku
Bez oznaka, Budi prvi tko označuje ovaj zapis!
|
| Thư viện lưu trữ: | Mạng thư viện Đại học Đà Nẵng |
|---|
| LEADER | 01481aam a22003738a 4500 | ||
|---|---|---|---|
| 001 | 000016480 | ||
| 003 | 12882 | ||
| 005 | 20121106101105.0 | ||
| 008 | 121106s2009 viesd | ||
| 020 | |c 27000đ |d 1000b | ||
| 041 | 0 | |a vie | |
| 082 | 1 | 4 | |2 14 |a 616.96 |b NG-Đ |
| 100 | 1 | |a Nguyễn Văn Đề | |
| 245 | 1 | 0 | |a Bệnh ký sinh trùng truyền lây giữa người và động vật |c Nguyễn Văn Đề, Phạm Văn khuê |
| 260 | |a H. |b Giáo dục |c 2009 | ||
| 300 | |a 203tr. |b hình vẽ |c 24cm | ||
| 504 | |a Thư mục: tr. 192 - 201 | ||
| 520 | |a Giới thiệu bệnh kí sinh trùng lây giữa người và động vật, truyền qua thức ăn là động vật mang mầm bệnh, truyền qua thức ăn là thực vật, truyền qua da | ||
| 650 | 7 | |2 Bộ TK TVQG |a Người | |
| 650 | 7 | |2 Bộ TK TVQG |a Động vật | |
| 650 | 7 | |2 Bộ TK TVQG |a Lây nhiễm | |
| 650 | 7 | |2 Bộ TK TVQG |a Bệnh truyền nhiễm | |
| 650 | 7 | |2 Bộ TK TVQG |a Bệnh kí sinh trùng | |
| 700 | 1 | |a Phạm Văn Khuê | |
| OWN | |a LSP | ||
| AVA | |a UDN50 |b LSP |d 616.96 NG-Đ |e available |t Error 5001 Not defined in file expand_doc_bib_avail. |f 10 |g 0 |h N |i 0 |k 1 | ||
| 999 | |a From the UDN01 | ||
| AVA | |a UDN50 |b LSP |d 616.96 NG-Đ |e available |t Error 5001 Not defined in file expand_doc_bib_avail. |f 10 |g 0 |h N |i 0 |k 1 | ||
| TYP | |a Monograph | ||
| TYP | |a Printed language | ||
| 980 | |a Mạng thư viện Đại học Đà Nẵng | ||